| 000 | 00467nam a2200181Ia 4500 | ||
|---|---|---|---|
| 008 | 210723s9999||||xx |||||||||||||| ||und|| | ||
| 020 | _a0-07-059943-2 | ||
| 035 | _a40984 | ||
| 082 |
_a658.15 _BKHA / JAI |
||
| 100 | _aKhan, M. Y. / Jain, P. K. | ||
| 245 | 0 | _aBasic Financial Management | |
| 250 | _a2 | ||
| 260 |
_aN. Delhi _bTata McGraw - Hill Publishing Company Limited |
||
| 300 | _a20.23 | ||
| 500 | _a611 | ||
| 650 | _aFinancial Management | ||
| 942 | _cBK | ||
| 999 |
_c42977 _d42977 |
||